LEADER 00822nam0-22003011i-450- 001 990000370390403321 005 20001010 010 $a0-201-57016-5 035 $a000037039 035 $aFED01000037039 035 $a(Aleph)000037039FED01 035 $a000037039 100 $a20001010d--------km-y0itay50------ba 101 0 $aita 105 $ay-------001yy 200 1 $aMacintosh C Programming Primer$f(by) Dave Mark 210 $aReading$cAddison Wesley Publishing Company$dcopyr. 1990 215 $aXIII,512 p.$d24 cm 300 $avol. 2 = Mastering the toolbox using THINK C 676 $a005.265 700 1$aMark,$bDave 801 0$aIT$bUNINA$gRICA$2UNIMARC 901 $aBK 912 $a990000370390403321 952 $a04 013-294$bIRC 1914/L$fDINCH 959 $aDINCH 997 $aUNINA DB $aING01 LEADER 01227nam0-2200373---450- 001 990000507760203316 005 20091014104141.0 010 $a0-7103-0558-3 035 $a0050776 035 $aUSA010050776 035 $a(ALEPH)000050776USA01 035 $a0050776 100 $a20010614d1997----||itaita-0103----ba 101 $aeng 102 $aGB 105 $aaf||||||001yy 200 1 $a<> second generation United Nations$efor peace in freedom in the 21st century$fGuido de Marco and Michael Bartolo 210 $aLondon [etc.]$cKegan Paul International$dcopyr.1997 215 $aXVII, 165 p., [4] p. di tav.$cill.$d23 cm 606 $aNazioni Unite 676 $a341.23 700 1$aDE MARCO,$bGuido$0545875 701 1$aBARTOLO,$bMichael$0256821 912 $a990000507760203316 951 $aXXIII.2.B. 85 (IG VIII 8 647)$b29632 G.$cXXIII.2.B. 85 (IG VIII)$d00074414 959 $aBK 969 $aGIU 979 $aPAOLA$b40$c20010614$lUSA01$h1115 979 $aPAOLA$b40$c20010614$lUSA01$h1128 979 $c20020403$lUSA01$h1659 979 $aPATRY$b90$c20040406$lUSA01$h1635 979 $aRSIAV2$b90$c20091014$lUSA01$h1041 996 $aSecond generation United Nations$9887087 997 $aUNISA